Informe sobre el estado y desarrollo de las industrias químicas en España / (Record no. 187519)

MARC details
000 -LEADER
campo de control de longitud fija 00691nam a2200157 i 4500
001 - NÚMERO DE CONTROL
campo de control 187519
003 - IDENTIFICADOR DE NÚMERO DE CONTROL
campo de control ES-MaACL
005 - FECHA Y HORA DE LA ÚLTIMA TRANSACCIÓN
campo de control 20230906222941.0
008 - DATOS DE LONGITUD FIJA--INFORMACIÓN GENERAL
campo de control de longitud fija 171023s1918 sp |||| | spa d
245 00 - MENCIÓN DEL TÍTULO
Título Informe sobre el estado y desarrollo de las industrias químicas en España /
Mención de responsabilidad, etc. elevado á la Dirección General por el Negociado de Estadística industrial.
260 ## - PUBLICACIÓN, DISTRIBUCIÓN, ETC.
Lugar de publicación, distribución, etc. Madrid :
Nombre del editor, distribuidor, etc. [s.n.],
Fecha de publicación, distribución, etc. 1918 (
Fabricante Imp. de la Viuda de Antonio Álvarez)
300 ## - DESCRIPCIÓN FÍSICA
Extensión 96 p. ;
Dimensiones 24 cm.
594 ## - Nota al título y mención de responsabilidad
Nota al título y mención de responsabilidad Precede al tít.: Ministerio de Fomento-Dirección General de Comercio, Industria y Trabajo. Sección de Industrias.
650 #4 - PUNTO DE ACCESO ADICIONAL DE MATERIA--TÉRMINO DE MATERIA
Término de materia o nombre geográfico como elemento de entrada Industria química-
Subdivisión geográfica España.
9 (RLIN) 140241
852 ## - LOCALIZACIÓN
Ubicación ES-MaACL
Número de control de estantería 1570-F-3
Holdings
Estatus retirado Estado de pérdida Estado de daño No para préstamo Colección Biblioteca de origen Biblioteca actual Ubicación en estantería Fecha de adquisición Fuente de adquisición Total de préstamos Signatura topográfica completa Código de barras Visto por última vez Precio de reemplazo Tipo de ítem Koha
        Colección de folletos Biblioteca del Ateneo de Madrid Biblioteca del Ateneo de Madrid Depósito folletos 23/10/2017     1570-F-3 1198042 23/02/2023 23/02/2023 Folleto